000
00250nam a2200109Ia 4500
008
230907s9999||||xx |||||||||||||| ||und||
082
_a
621.381
_b
STO
100
_a
Storey, Neil.
_9
60674
245
0
_a
Electronics :
300
_a
pages cm
942
_c
BK
999
_c
599026
_d
599026